CONTEMPORARY women

Saved in:
Bibliographic Details
Main Author: edited by PLASTOW, Jane and Hutchison Yvette
Format: Book
Language:English
Published: James Currey 2015
Tags: Add Tag
No Tags, Be the first to tag this record!

MARC

LEADER 00000nam a22000007a 4500
008 210409b ||||| |||| 00| 0 eng d
020 |a 978-1-84701-131-2 
100 |a edited by PLASTOW, Jane and Hutchison Yvette 
245 |a CONTEMPORARY women  |c edited by Jane Plastow & Yvette Hutchison.  |e African theatre: 14  |g xii, 144p; ill. 
250 |c edited by PLASTOW, Jane and Hutchison Yvette 
260 |b James Currey  |c 2015  |h New York  |i 694228  |i 694229  |l PN2969 .C74  |m Women in the theatre – Africa.  |m Women in the performing arts – Africa.  |m Women dramatists – Africa.  |m Theatre – Africa – History – 21st Century.  |m African drama – 21st century – History and criticism.  |m African drama (English) – History and criticism. 
500 |a “It includes references” 
942 |a lcc  |c BK  |e YUNUSA, A.A.  |f 9/4/21 
952 |0 0  |1 0  |2 lcc  |4 0  |6 PN2969 C74  |7 0  |9 2098  |a HOL  |b ART  |c LP  |d 2021-04-09  |l 0  |o PN2969 .C74  |p 2021-5954  |r 2021-04-09 00:00:00  |w 2021-04-09  |y BK 
952 |0 0  |1 0  |2 lcc  |4 0  |6 PN2969 C74  |7 0  |9 2099  |a HOL  |b HOL  |c LP  |d 2021-04-09  |l 0  |o PN2969 .C74  |p 2021-5955  |r 2021-04-09 00:00:00  |w 2021-04-09  |y BK 
999 |c 1089  |d 1089